| 000 | 00979nam a22003138i 4500 | ||
|---|---|---|---|
| 999 |
_c29249 _d29220 |
||
| 001 | 019834264 | ||
| 003 | EG-ScBUE | ||
| 005 | 20210727095029.0 | ||
| 008 | 200511s2020 enka f bd 001 0 eng d | ||
| 020 | _a9780500295755 (pbk.) | ||
| 040 |
_aStDuBDS _beng _erda _cStDuBDS _dEG-ScBUE |
||
| 082 | 0 | 4 |
_a709.04052 _bSTR _222 |
| 100 | 1 |
_aStraine, Stephanie, _eauthor. |
|
| 245 | 1 | 0 |
_aAbstract art / _cStephanie Straine. |
| 264 | 1 |
_aLondon ; _aNew York : _bThames and Hudson, _c2020. |
|
| 300 |
_a175 pages : _billustrations (colour) ; _c22 cm. |
||
| 336 |
_atext _2rdacontent _btxt |
||
| 336 |
_astill image _2rdacontent _btxt |
||
| 337 |
_aunmediated _2rdamedia _bn |
||
| 338 |
_avolume _2rdacarrier _bnc |
||
| 490 | 0 | _aArt essentials | |
| 500 | _aIncludes glossary. | ||
| 504 | _aIncludes bibliographical references and index. | ||
| 650 | 7 |
_aArt, Abstract. _2BUEsh |
|
| 653 |
_bGGEN _cJuly2021 |
||
| 655 |
_vReading book _934232 |
||
| 942 |
_2ddc _cBB |
||